[Event "Winnipeg TNT April op"]
[Site "Winnipeg"]
[Date "2008.04.15"]
[Round "3"]
[White "Martens, Peter"]
[Black "Klusa, Mark"]
[Result "0-1"]
[WhiteElo "1181"]
[BlackElo "1384"]
[PlyCount "86"]
[EventDate "2008.01.04"]
[EventType "swiss"]
[EventRounds "5"]
[EventCountry "CAN"]
[SourceTitle "EXT 2011"]
[Source "ChessBase"]
[SourceDate "2010.11.26"]
[SourceVersion "1"]
[SourceVersionDate "2010.11.26"]
[SourceQuality "1"]

1. e4 d6 2. d4 g6 3. Nf3 Bg7 4. Nc3 Bg4 5. Be3 Nc6 6. Be2 e5 7. d5 Nd4 8. Nxd4 exd4 9. Bxd4 Bxe2 10. Nxe2 Bxd4 11. Nxd4 Nf6 12. f3 Qe7 13. Qd2 Nd7 14. Qb4 0-0-0 15. Nb5 Nb6 16. Nxa7+ Kb8 17. Nb5 Nxd5 18. Qd4 Nb6 19. 0-0-0 c5 20. Qe3 Qe5 21. b3 d5 22. Qxc5 Nc8 23. g3 Qa1+ 24. Kd2 dxe4+ 25. Ke3 Rxd1 26. Qc7+ Ka8 27. Rxd1 Qxd1 28. fxe4 Qe1+ 29. Kf4 Qf1+ 30. Kg4 Qxb5 31. Qxf7 h5+ 32. Kf3 Qf1+ 33. Ke3 Qxf7 34. a4 Rd8 35. c4 Qf6 36. h4 Qc3+ 37. Kf4 Qxb3 38. g4 Qxc4 39. gxh5 gxh5 40. Kg5 Rh8 41. e5 Qg8+ 42. Kf6 Rh6+ 43. Kf5 Qg4# 0-1